Mittelmeerpolitik der EG Strukturschwächen des EG-Systems bei der Verwirklichung des Globalkonzepts
Saved in:
| Main Author: | |
|---|---|
| Format: | Book |
| Language: | German |
| Published: |
Kehl am Rhein
Engel
1983
|
| Edition: | 1. Aufl. |
| Subjects: | |
| Tags: |
No Tags, Be the first to tag this record!
|
MARC
| LEADER | 00000nam a2200000 4500 | ||
|---|---|---|---|
| 001 | c000737 | ||
| 005 | 20221221074704.3 | ||
| 020 | |a 3-88357-022-2 | ||
| 041 | 0 | |a ger | |
| 044 | |a DE | ||
| 245 | 1 | 0 | |a Mittelmeerpolitik der EG |b Strukturschwächen des EG-Systems bei der Verwirklichung des Globalkonzepts |c Detler Puhl |
| 250 | |a 1. Aufl. | ||
| 264 | 1 | |a Kehl am Rhein |b Engel |c 1983 | |
| 300 | |a 299 s. | ||
| 610 | 2 | 0 | |a politika zahraničná |
| 610 | 2 | 0 | |a zmluvy medzinárodné |
| 610 | 2 | 0 | |a spolupráca hospodárska medzinárodná |
| 610 | 2 | 0 | |a Európske spoločenstvá |
| 610 | 2 | 0 | |a Stredomorie |
| 610 | 2 | 0 | |a Maghreb |
| 610 | 2 | 0 | |a Cyprus |
| 610 | 2 | 0 | |a Turecko |
| 610 | 2 | 0 | |a Malta |
| 610 | 2 | 0 | |a Taliansko |
| 610 | 2 | 0 | |a Francúzsko |
| 610 | 2 | 0 | |a poľnohospodárstvo |
| 610 | 2 | 0 | |a odbory |
| 610 | 2 | 0 | |a Európsky parlament |
| 610 | 2 | 0 | |a strany politické |
| 100 | 1 | |a Puhl, Detler | |